Statistiques concernant Les premiers jeux de la Switch

Cliquez ici pour prendre le quiz!

Statistiques générales

  • Ce quiz a été pris 22 fois
  • Le résultat moyen est 3 sur 11

Statistiques - réponses

Réponse% Correct
The Legend of Zelda: Breath of the Wild
77%
Mario Kart 8 Deluxe
64%
1 2 Switch
41%
Splatoon 2
32%
Super Mario Odyssey
23%
ARMS
18%
Super Bomberman R
5%
Xenoblade Chronicles 2
5%
Fire Emblem Warriors
0%
Puyo Puyo Tetris
0%
Sonic Mania
0%

Distribution des résultats

Percentile par nombre de réponses

% des personnes avec chaque résultat

Votre développement - résultats

Vous n’avez pas pris ce quiz